[Event "AUTO-OPEN-462"]
[Site "http://www.queenalice.com/game.php?id=134465"]
[Date "2006.11.28"]
[Round "1"]
[White "CampbellMarcel"]
[Black "SelogOhNilog"]
[Result "0-1"]
[WhiteElo "1629"]
[BlackElo "1762"]

1. e4 c6 2. Nf3 d5 3. exd5 cxd5 4. Bb5+ Nc6 5. Ne5 Qb6 6. Qf3 Nf6 7. Bxc6+ bxc6
8. O-O Ba6 9. Re1 e6 10. d3 Be7 11. Nc3 O-O 12. d4 Rac8 13. Bg5 Qxd4 14. Rad1
Qb4 15. b3 Qb7 16. h4 c5 17. Bxf6 Bxf6 18. g4 Qc7 19. Qg3 Rfd8 20. Nxf7 Kxf7 21.
g5 Qxg3+ 22. fxg3 Bxc3 23. Re3 Bd4 24. Rf1+ Kg8 0-1

[Event "AUTO-OPEN-462"]
[Site "http://www.queenalice.com/game.php?id=134466"]
[Date "2006.11.28"]
[Round "1"]
[White "SelogOhNilog"]
[Black "CampbellMarcel"]
[Result "1-0"]
[WhiteElo "1608"]
[BlackElo "1759"]

1. c4 e5 2. Nc3 Nf6 3. g3 c6 4. Bg2 Be7 5. e3 Ng4 6. Qxg4 g6 7. Qd1 O-O 8. Nge2
d6 9. O-O b6 10. b4 Nd7 11. b5 Rb8 12. bxc6 Nc5 13. Nd5 f5 14. c7 1-0

[Event "AUTO-OPEN-462"]
[Site "http://www.queenalice.com/game.php?id=134487"]
[Date "2006.11.28"]
[Round "1"]
[White "aarongale"]
[Black "SelogOhNilog"]
[Result "1-0"]
[WhiteElo "1671"]
[BlackElo "1685"]

1. e4 c6 2. d4 d5 3. e5 Bf5 4. g4 Bg6 5. f4 e6 6. Qf3 h6 7. c3 Be4 8. Qh3 Bxh1
9. Nd2 c5 10. Bb5+ Nc6 11. Bxc6+ bxc6 12. Nb3 cxd4 13. Nxd4 Qb6 14. b3 Bc5 15.
Be3 Be4 16. Nge2 Ne7 17. b4 1-0

[Event "AUTO-OPEN-462"]
[Site "http://www.queenalice.com/game.php?id=134488"]
[Date "2006.11.28"]
[Round "1"]
[White "SelogOhNilog"]
[Black "aarongale"]
[Result "0-1"]
[WhiteElo "1703"]
[BlackElo "1653"]

1. c4 g6 2. Nc3 Bg7 3. d4 c5 4. dxc5 Bxc3+ 5. bxc3 Qa5 6. Qd3 Qxc5 7. Nf3 Nf6 8.
e3 Nc6 9. Be2 e6 10. O-O b6 11. Nd4 Bb7 12. Rd1 Ne5 13. Qc2 Nxc4 0-1

[Event "AUTO-OPEN-462"]
[Site "http://www.queenalice.com/game.php?id=134501"]
[Date "2006.11.28"]
[Round "1"]
[White "SelogOhNilog"]
[Black "Luke1416"]
[Result "0-1"]
[WhiteElo "1650"]
[BlackElo "1630"]

1. c4 d6 2. d4 e5 3. dxe5 dxe5 4. Qxd8+ Kxd8 5. Nf3 Bf5 6. Nxe5 Bb4+ 7. Bd2
Bxd2+ 8. Nxd2 Be6 9. O-O-O Nd7 10. Ne4 Nf6 11. Ng5 Ke8 12. Nxe6 fxe6 13. Nxd7
Nxd7 14. e4 Rf8 15. f3 c5 16. Be2 a5 17. Rd6 Ra6 18. Rxa6 bxa6 19. Rd1 e5 20.
Rd6 Rf6 21. Rd3 g5 22. Ra3 h5 23. Rxa5 Rg6 0-1

[Event "AUTO-OPEN-462"]
[Site "http://www.queenalice.com/game.php?id=134502"]
[Date "2006.11.28"]
[Round "1"]
[White "Luke1416"]
[Black "SelogOhNilog"]
[Result "1-0"]
[WhiteElo "1612"]
[BlackElo "1668"]

1. d4 Nf6 2. Nc3 e6 3. e3 Bb4 4. a3 Be7 5. Bd3 O-O 6. Nf3 d5 7. O-O c5 8. dxc5
Bxc5 9. b4 Bd6 10. Ng5 h6 11. Nh3 Qc7 12. Nf4 Qxc3 13. Bd2 Qc7 14. Qf3 Bd7 15.
c3 Nc6 16. a4 Rac8 17. a5 Ne5 18. Qe2 Nxd3 19. Qxd3 Ne4 20. f3 Nxd2 21. Qxd2
Qxc3 22. Qe1 1-0

[Event "AUTO-ADV-319"]
[Site "http://www.queenalice.com/game.php?id=135582"]
[Date "2006.12.1"]
[Round "1"]
[White "AntonioMendonca"]
[Black "SelogOhNilog"]
[Result "1-0"]
[WhiteElo "1839"]
[BlackElo "1742"]

1. c4 Nf6 2. Nc3 e6 3. g3 d5 4. cxd5 exd5 5. Bg2 c6 6. Nf3 Bg4 7. O-O Bb4 8. a3
Qa5 9. h3 Be6 10. Nd4 O-O 11. Nc2 Bd6 12. b4 Qc7 13. Bb2 Nbd7 14. Nd4 Rfe8 15.
Nxe6 Rxe6 16. Rc1 Rae8 17. e3 Nb6 18. Ne2 Nc4 19. Qc2 Nh5 20. Nd4 Rg6 21. d3
Nxg3 22. dxc4 Nxf1 23. Kxf1 dxc4 24. Be4 1-0

[Event "AUTO-ADV-319"]
[Site "http://www.queenalice.com/game.php?id=135583"]
[Date "2006.12.1"]
[Round "1"]
[White "SelogOhNilog"]
[Black "AntonioMendonca"]
[Result "0-1"]
[WhiteElo "1784"]
[BlackElo "1808"]

1. c4 Nf6 2. Nc3 g6 3. g3 Bg7 4. Bg2 O-O 5. Nf3 d6 6. O-O Nc6 7. d4 e5 8. d5 Ne7
9. e4 Nd7 10. b4 f5 11. Bg5 f4 12. Rc1 h6 13. Bxe7 Qxe7 14. Na4 g5 15. Qd3 Nf6
16. c5 Bg4 17. h3 Bd7 18. c6 bxc6 19. dxc6 Be6 20. a3 Bf7 21. Nc3 Qd8 0-1

[Event "AUTO-ADV-319"]
[Site "http://www.queenalice.com/game.php?id=135598"]
[Date "2006.12.1"]
[Round "1"]
[White "dgrecu"]
[Black "SelogOhNilog"]
[Result "1-0"]
[WhiteElo "1566"]
[BlackElo "1766"]

1. e4 c6 2. Nf3 d5 3. exd5 cxd5 4. d4 Nc6 5. Bb5 Nf6 6. Bxc6+ bxc6 7. O-O Bg4 8.
Nc3 e6 9. h3 Bh5 10. Bg5 Be7 11. a4 O-O 12. Bxf6 Bxf6 13. Qd3 Bg6 14. Qd2 Qb6
15. b3 c5 16. a5 Qb4 17. Ra4 Qb7 18. dxc5 Rac8 19. a6 Qd7 20. Rb4 Rxc5 21. Rb7
Rc7 22. Rxc7 Qxc7 23. Nd4 Rc8 24. Ncb5 Qb6 25. c3 Qxa6 26. Rc1 h6 27. Qb2 Qb6
28. Na3 a5 29. Rd1 a4 30. b4 Bxd4 31. cxd4 Kf8 32. b5 Rb8 33. Qb4+ Kg8 34. Qxa4
Rc8 35. Rd2 Rc1+ 36. Kh2 Qc7+ 37. g3 1-0

[Event "AUTO-ADV-319"]
[Site "http://www.queenalice.com/game.php?id=135599"]
[Date "2006.12.1"]
[Round "1"]
[White "SelogOhNilog"]
[Black "dgrecu"]
[Result "1-0"]
[WhiteElo "1732"]
[BlackElo "1612"]

1. c4 c5 2. Nf3 Nc6 3. g3 Nf6 4. Bg2 e5 5. d3 d5 6. cxd5 Nxd5 7. Nc3 Nxc3 8.
bxc3 Bd6 9. Rb1 O-O 10. O-O Bf5 11. Ba3 Ne7 12. Rxb7 Qa5 13. Qc1 e4 14. Nh4 exd3
15. Rxe7 Bxe7 16. Nxf5 Bf6 17. Bxa8 Rxa8 18. exd3 Bxc3 19. Ne7+ Kf8 20. Nd5 Bd4
21. Bb2 Qxa2 22. Bxd4 cxd4 23. Qc5+ Kg8 24. Re1 h6 25. Qxd4 Rd8 26. Ne7+ Kh7 27.
Qxd8 Qd2 28. Qg8# 1-0

[Event "AUTO-ADV-319"]
[Site "http://www.queenalice.com/game.php?id=135608"]
[Date "2006.12.1"]
[Round "1"]
[White "CampbellMarcel"]
[Black "SelogOhNilog"]
[Result "0-1"]
[WhiteElo "1839"]
[BlackElo "1780"]

1. e4 e6 2. Nf3 d5 3. exd5 exd5 4. d4 Nf6 5. Be2 Bd6 6. O-O O-O 7. Bg5 Bg4 8.
Nbd2 Nbd7 9. h3 Bh5 10. Ne5 Bxe2 11. Qxe2 Re8 12. Bxf6 Nxf6 13. Ndf3 c5 14. c3
Nd7 15. Rfe1 f6 16. g4 fxe5 17. dxe5 Nxe5 18. b3 Qf6 19. Nxe5 Rxe5 20. Qb5 Rf8
21. Qf1 Qf4 22. Re2 Rxe2 23. Qxe2 Qh2+ 24. Kf1 Qh1# 0-1

[Event "AUTO-ADV-319"]
[Site "http://www.queenalice.com/game.php?id=135609"]
[Date "2006.12.1"]
[Round "1"]
[White "SelogOhNilog"]
[Black "CampbellMarcel"]
[Result "0-1"]
[WhiteElo "1799"]
[BlackElo "1834"]

1. c4 f5 2. Nc3 Nf6 3. g3 e6 4. Bg2 c6 5. d4 Be7 6. Nf3 h6 7. h4 Ng4 8. O-O c5
9. d5 O-O 10. d6 Bf6 11. e4 Nc6 12. exf5 exf5 13. Qd5+ Rf7 14. Qxf5 h5 15. Qxh5
Nce5 16. Nxe5 Nxe5 17. Bd5 g6 18. Bxf7+ Kxf7 19. Nd5 gxh5 20. Nf4 Nxc4 21. Nxh5
Bxb2 22. Bxb2 Nxb2 0-1

[Event "AUTO-ADV-320"]
[Site "http://www.queenalice.com/game.php?id=136294"]
[Date "2006.12.2"]
[Round "1"]
[White "SelogOhNilog"]
[Black "carlosfed"]
[Result "0-1"]
[WhiteElo "1589"]
[BlackElo "1964"]

1. c4 c5 2. Nf3 h6 3. Nc3 a6 4. g3 Nf6 5. Bg2 e6 6. d4 Be7 7. O-O Nc6 8. d5 exd5
9. cxd5 Nd4 10. Nxd4 cxd4 11. Qxd4 d6 12. Bf4 O-O 13. e4 Nh5 14. Be3 Bf6 15. Qd1
Bxc3 16. bxc3 Nf6 17. f4 Bg4 18. Qd3 Bd7 19. e5 dxe5 20. fxe5 Nh7 21. c4 Re8 22.
Bd4 Rb8 23. Be4 Ng5 24. Rfe1 Nxe4 25. Rxe4 Bf5 26. Rae1 b5 27. Bc3 Bxe4 28. Qxe4
Rc8 29. d6 Rxc4 0-1

[Event "AUTO-ADV-320"]
[Site "http://www.queenalice.com/game.php?id=136295"]
[Date "2006.12.2"]
[Round "1"]
[White "carlosfed"]
[Black "SelogOhNilog"]
[Result "1-0"]
[WhiteElo "1962"]
[BlackElo "1591"]

1. e4 c6 2. d4 d5 3. e5 Bf5 4. Bd3 Bxd3 5. Qxd3 e6 6. Nf3 Nd7 7. Nc3 Ne7 8. Bg5
Qb6 9. b3 c5 10. Na4 Qc7 11. Nxc5 Nxc5 12. dxc5 Ng6 13. Qb5+ Qc6 14. Qxc6+ bxc6
15. b4 a5 16. c3 Be7 17. Bxe7 Nxe7 18. O-O axb4 19. cxb4 Ra4 20. a3 O-O 21. Nd4
Rfa8 22. Nc2 Nf5 23. g4 Nh6 24. h3 f6 25. f4 f5 26. g5 Nf7 27. Rf3 Kf8 28. Nd4
Nd8 29. Rb3 Ke7 30. Kf2 g6 31. Ke3 1-0

[Event "AUTO-ADV-320"]
[Site "http://www.queenalice.com/game.php?id=136296"]
[Date "2006.12.2"]
[Round "1"]
[White "SelogOhNilog"]
[Black "CleoGodoy"]
[Result "0-1"]
[WhiteElo "1730"]
[BlackElo "1772"]

1. c4 e5 2. Nc3 c6 3. Nf3 f6 4. d4 Bd6 5. dxe5 Bxe5 6. e3 Bxc3+ 7. bxc3 Ne7 8.
Ba3 Qa5 9. Qb3 d5 10. Bxe7 Kxe7 0-1